000 01462nam0a2200361 4500
001 RU\NLR\bibl\48035
005 20260406092057.0
035 _a(NLR Aleph) 000046873
090 _a248886
_c248886
100 _a19990920d1999 u y0rusy50 ca
101 0 _arus
102 _aRU
105 _aa |||||||||
200 1 _aРодословное древо Куратовского рода
_fМалыхина А.Г., Попов В.М.
_gКоми генеал. о-во "Ордпу"
210 _aСыктывкар
_cЭском
_cРИК "Комисамиздат"
_d1999
215 _a62 с.
_cпортр., схем., факс.
_d30
600 1 _aКуратов
_bИ.А.
_f1839 - 1875
_gИван Алексеевич
_91372525
_3RU\NLR\auth\66575182
602 _aКуратовы (род)
_92112956
_3RU\NLR\auth\661276780
602 _aКуратовы
_2psbo
686 _aТ214(2)
686 _aШ5(2=Ко)5-4Куратов
700 1 _aМалыхина
_bА. Г.
_gАнна Георгиевна
_4070
701 1 _4070
_7ca
_8rus
_aПопов
_bВ. М.
_cкраевед, литератор
_f1935-2019
_gВладимир Михайлович
_92672201
_3RU\NLR\AUTH\770282761
801 0 _aRU
_bNLR
_c19990920
_gPSBO
801 1 _aRU
_bNLR
_c19990920
852 _aNLR
_j99-8/1364
942 _cBOOK
980 _aNB
980 _aGENEAL02